| 000 | 00574cam a22001938i 4500 | ||
|---|---|---|---|
| 020 | _a9781612125275 | ||
| 020 | _a1612125271 | ||
| 040 | _cAGL | ||
| 082 | 0 | 0 | _a631 BKK 1994 C161 Or. |
| 100 | 1 | _aHansen, Ann Larkin | |
| 245 | 1 | 0 |
_aMaintaining small-farm equipment : _bhow to keep tractors and implements running well / |
| 246 | 3 | 0 | _aHow to keep tractors and implements running well |
| 300 |
_a108 pages : _billustrations ; _c18 cm |
||
| 650 | 0 | _aFarm equipment | |
| 650 | 0 | _aTractors | |
| 650 | 0 | _aAgricultural implements | |
| 700 | 1 | _aHansen, Steve, | |
| 942 | _cAEDBB | ||
| 999 |
_c19100 _d19100 |
||